No Clues: What Are These Song Lyrics #2 - Statistics

General Stats
  • This quiz has been taken 8,890 times
  • The average score is 21 of 54
Answer Stats
Answer % Correct
a
96%
the
89%
you
88%
an
70%
we
69%
on
68%
be
65%
your
62%
in
61%
will
56%
can
53%
it!)
53%
all
52%
man
51%
rock
51%
big
48%
face
46%
got
45%
over
45%
you're
45%
day
44%
place
44%
disgrace
43%
some
43%
(Sing
41%
mud
39%
boy
37%
Buddy
34%
blood
32%
gonna
31%
Singin'
31%
Kickin'
30%
world
29%
make
28%
young
27%
old
26%
street
25%
take
25%
with
25%
noise
21%
back
20%
hard
20%
put
20%
into
19%
Wavin'
19%
Playin'
18%
banner
17%
better
17%
poor
17%
Somebody
16%
eyes
10%
Shoutin'
10%
peace
8%
Pleadin'
6%
No matching quizzes found
Score Distribution
Percent of People with Each Score
Percentile by Number Answered
Your Score History
You have not taken this quiz